Ley de concursos y quiebras nº 24522 /
Guardado en:
| Formato: | Libro |
|---|---|
| Publicado: |
Buenos Aires :
El Decano,
1995
|
| Materias: | |
| Etiquetas: |
Agregar Etiqueta
Sin Etiquetas, Sea el primero en etiquetar este registro!
|
| LEADER | 00446nam a22001455a 4500 | ||
|---|---|---|---|
| 001 | CEM.cems008995 | ||
| 008 | 130507s1995##################000#0#####d | ||
| 005 | 20241217133225.0 | ||
| 245 | 0 | 0 | |a Ley de concursos y quiebras nº 24522 / |
| 260 | |a Buenos Aires : |b El Decano, |c 1995 | ||
| 300 | |a 87 p. | ||
| 082 | 0 | 4 | |a 347.6 |
| 653 | |a Ley de concurso y quiebras | ||
| 653 | |a Ley no. 24.522 | ||
| 859 | |a CEMS |b BIB. CEMS - 11 de abril |h 347.6 |i Ar37 |p 18629.95 |t Ej.2 |v 1995 |3 1995 | ||
